000 00310nam a22001337a 4500
008 180912b xxu||||| |||| 00| 0 eng d
020 _a9780195046052
041 _aeng
080 _a341
100 _a17
101 _aHIS
245 _aA Social History American Technology
_cCowan.R.S
942 _2udc
_cBK
999 _c47692
_d47692